000 01184nam a22003617a 4500
001 BR0602525
003 BR-BrBNA
005 20230928102156.0
007 ta
008 230509b bl.||||| |||| 00| 0 por d
040 _aBR-BrBNA
_bpor
_cBiblioteca Nacional de Agricultura
041 _a(Por)
072 _aQ55; Q54; Q04
_b5214
090 _ 5214 BR0602525
100 1 _aFortes, R.V.S.
110 1 _aUniversidade Federal de Minas Gerais, Belo Horizonte (Brasil). Escola de Veterinária
_0Tese (Mestre em Medicina Veterinária)
245 1 _aPropileno-glicol ou monensina na dieta de vacas leiteiras no período de transição: saúde do ubere, produção e composição do leite
260 3 _aBelo Horizonte, MG (Brasil):
_c2005.
300 _a35 p.
500 _aSummaries (Eng, Por); Bibliography p. 31-35; 6 tables; 8 illus.
650 _aVACA LEITEIRA
650 _aNUTRIÇÃO ANIMAL
650 _aRAÇÃO
650 _aDIETA
650 _aLEITE
650 _aPRODUÇÃO LEITEIRA
650 _aCOMPOSIÇÃO DE ALIMENTO
650 _aURÉIA
650 _aPROTEÍNA
650 _aANTI-HELMÍNTICO
909 _a202309
_bLucia
_c55
_dLucia Elande
942 _cBK
999 _c69497
_d69497